000 01001cam a2200277 a 4500
005 20140717113546.0
008 140717s1997 ie ad frb 001 0 eng d
020 _a1860760414
020 _a9781860760419
040 _aCO-BoUCM
_bspa
_cJose A. Gerena
_dJose A. Gerena
041 0 _aeng
245 0 0 _aFrom maestro to manager
_bcritical issues in arts and culture management
_ceditado por Marian Fitzgibbon, Anne Kelly
260 _aDublin (Irlanda)
_bOak Tree Press
_c1997
300 _axii, 452 páginas
_bilustraciones, cuadros
490 1 _aIrish studies in management
504 _aIncluye referencias bibliográficas e índices
650 7 _aArte
_99444
650 7 _aCultura
_912390
650 7 _aAdministración
_xArte
_98524
650 7 _aMercadeo
_xArte
_919305
690 _942746
_aArte
700 1 _aFitzgibbon, Marian
_eeditor
_963132
700 1 _aKelly, Anne
_eeditor
_963133
942 _2DEWEY
_a17
_cLIBRORESER
_e1
_h700.68
_mF931
999 _c273481
_d273481